书目信息 |
| 题名: |
地图上的美国史
|
|
| 作者: | 张津瑞 , 林广 著 | |
| 分册: | ||
| 出版信息: | 上海 东方出版中心 2016 |
|
| 页数: | 315页 | |
| 开本: | 24cm | |
| 丛书名: | ||
| 单 册: | ||
| 中图分类: | K712.09 | |
| 科图分类: | ||
| 主题词: | ||
| 电子资源: | ||
| ISBN: | 978-7-5473-0936-0 | |
| 000 | 01097nam0 22002771 450 | |
| 001 | 0120082246 | |
| 005 | 20170320093335.09 | |
| 010 | @a978-7-5473-0936-0@dCNY45.00 | |
| 100 | @a20160825d2016 em y0chiy50 ea | |
| 101 | 0 | @achi |
| 102 | @aCN@b310000 | |
| 105 | @ab z 000yy | |
| 106 | @ar | |
| 200 | 1 | @a地图上的美国史@9di tu shang de mei guo shi@dMapping the history of America@f张津瑞,林广著@zeng |
| 205 | @a2版 | |
| 210 | @a上海@c东方出版中心@d2016 | |
| 215 | @a315页@d24cm | |
| 300 | @a地图说史 03 | |
| 330 | @a本书以八十多幅原创绘制地图加简短说明文字的形式,讲述了美国自建国前后至今两百余年的历史。美洲印第安人的兴衰荣辱、新美国与老英国的恩恩怨怨、西进运动的功过与反思、美国经济的盎然起飞、扩张主义与孤立主义的反复博弈、从大繁荣到大危机的跌宕历程、“两极”阵营与“一超”时代的纷纷扰扰。 | |
| 510 | 1 | @aMapping the history of America@zeng |
| 607 | @a美国@Amei guo@x历史@j普及读物 | |
| 690 | @aK712.09@v5 | |
| 701 | 0 | @a张津瑞@9zhang jin rui@c(历史学)@4著 |
| 701 | 0 | @a林广@9lin guang@f(1959~)@4著 |
| 801 | 0 | @aCN@bTANGWEI@c20170308 |
| 905 | @b0957420-2@dK712.09@e38=2@f3 | |
| 地图上的美国史=Mapping the history of America/张津瑞,林广著.-2版.-上海:东方出版中心,2016 |
| 315页;24cm |
| 地图说史 03 |
| ISBN 978-7-5473-0936-0:CNY45.00 |
| 本书以八十多幅原创绘制地图加简短说明文字的形式,讲述了美国自建国前后至今两百余年的历史。美洲印第安人的兴衰荣辱、新美国与老英国的恩恩怨怨、西进运动的功过与反思、美国经济的盎然起飞、扩张主义与孤立主义的反复博弈、从大繁荣到大危机的跌宕历程、“两极”阵营与“一超”时代的纷纷扰扰。 |
| ● |
| 相关链接 |
|
|
|
|
正题名:地图上的美国史
索取号:K712.09/38=2
 
预约/预借
| 序号 | 登录号 | 条形码 | 馆藏地/架位号 | 状态 | 备注 |
| 1 | 0957420 | 209574209 | 第二样本阅览室/ [索取号:K712.09/38=2] | 在馆 | |
| 2 | 0957421 | 209574218 | 第二借阅区/ [索取号:K712.09/38=2] | 在馆 | |
| 3 | 0957422 | 209574227 | 第二借阅区/ [索取号:K712.09/38=2] | 在馆 |